000 00342nam a22001337a 4500
020 _a9781874263715
040 _cNUST
082 _a297 IBR
100 _aIbrahim Ibn Saleh Al-Mahmud
_9113220
245 _aHow to be Kind to Your Parents
260 _aLondon:
_bAl-Firdous,
_c2001.
650 _aIslam and Parents
_9113221
942 _2ddc
_cBK
999 _c594975
_d594975